=LDR 00000nam 2200000 4500 =001 INLIS000000000003209 =005 20130612091522 =008 ***********************************Ind** =035 ##$$0010-061300000003209 =041 ##$$a Ind =082 ##$$a 808.87 =090 ##$$a 808.87, Jau a =100 ##$$a Jauzi, Imam Ibnu =245 ##$$a Anekdot orang-orang tolol, Imam Ibnu Jauzi; penerjemah Asfuri Bahri =260 ##$$a 2000 $b Jakarta =300 ##$$a 300 hlm., 17 cm =650 ##$$a Anekdot =700 ##$$a Bahri, Asfuri =850 ##$$a NBPNMAT